00869 2200325 4500001002100000005001500021035002000036007000300056008004100059040001700100100001800117245006900135250000900204300003800213020002200251041000800273082000800281084001400289090001400303260003200317500002900349600001400378650001400392700003100406850001000437990002400447990002400471990002400495990002400519INLIS00000000000271520260601074221 a0010-0620000088ta260601 j 1 ind  aSBPUPADbind0 aFenty Agustin1 aMain Olah Kata Yuuk /cFenty Agustin; Editor:Sisilia Triana Dewi aEd.1 avi, 126 hlm. :bilus. ;c19x23 cm a978-979-29-4154-8 aind a371 a371 FEN m a371 FEN m a--Yogyakarta :bAndi,c2015 aTentang Penulis, hlm 121 4aanak anak 4aAnak-Anak0 aEditor:Sisilia Triana Dewi aPUPAD a33.170/DAK/DPK/2019 a33.171/DAK/DPK/2019 a33.172/DAK/DPK/2019 a33.173/DAK/DPK/2019